000 00195 a2200097 4500
001 4941
100 _aLow,BB
245 _aengineering mechanics
260 _a
_bLongmans
_c
090 _c4121
_d4121
942 _aNUST-CAE
_cM
_c30403
999 _c240014
_d240014